Detalles MARC
| 000 -LIDER |
| fixed length control field |
01459nam a2200349 a 4500 |
| 001 - NÚMERO DE CONTROL |
| Identificador de número de control |
00319 |
| 003 - IDENTIFICACDOR DE NÚMERO DE CONTROL |
| control field |
DO-SdBNP |
| 005 - DATE AND TIME OF LATEST TRANSACTION |
| control field |
20180307112719.0 |
| 007 - CAMPOS FIJOS DE DESCRIPCIÓN FÍSICA |
| fixed length control field |
00319 |
| 008 - ELEMENTOS DE LONGITUD FIJA |
| fixed length control field |
150130s20uu dr abc 000 0 spa d |
| 020 ## - ISBN |
| International Standard Book Number |
9945400231 |
| 040 ## - FUENTE DE CATALOGACIÓN |
| Agencia que crea de manera original el registro |
BPMSU |
| Idioma de catalogación |
spa |
| Agencia que realiza la transcripción |
BPMSU |
| 082 04 - NÚMERO DE CLASIFICACIÓN DECIMAL DE DEWEY |
| Classification number |
373.57 |
| Item number |
V335f 1ro. [20--] |
| 100 1# - ASIENTO PRINCIPAL -- NOMBRE PERSONAL |
| Nombre personal |
Vásquez Güichardo, Julia Mery |
| 245 10 - MENCIÓN DE TITULO |
| Título |
Física 1 : |
| Subtítulo |
teoría y práctica / |
| Mención de responsabilidad |
Julia Mery Vásquez Güichardo, Andrea Griselda Rincón ; producción editorial María del Jesús de la Rosa |
| 260 ## - PUBLICACIÓN, DISTRIBUCIÓN, ETC. (PIE DE IMPRENTA) |
| Lugar de publicación, distribución, etc |
Santo Domingo : |
| Nombre del editor, distribuidor, etc. |
Actualidad Escolar 2000, |
| Fecha de publicación, distribución, etc |
[200-?] |
| 300 ## - DESCRIPCIÓN FÍSICA |
| Extensión |
196 p. : |
| Otros detalles físicos |
il.: |
| Dimensiones |
28 cm. |
| 500 ## - NOTA GENERAL |
| Nota general |
Segundo grado primer ciclo / Educación media |
| 500 ## - NOTA GENERAL |
| Nota general |
|
| 505 1# - NOTA DE CONTENIDO |
| Información miscelánea |
Unidad 1 : |
| Título |
Introducción a la física -- |
| Información miscelánea |
Unidad 2 : |
| Título |
Fuerza y movimiento -- |
| Información miscelánea |
Unidad 3 : |
| Título |
Trabajo y energía -- |
| Información miscelánea |
Unidad 4 : |
| Título |
Los fluídos -- |
| Información miscelánea |
Unidad 5 : |
| Título |
Fenómenos ondulatorios -- |
| Información miscelánea |
Unidad 6 : |
| Título |
Óptica -- |
| 650 #4 - ENCABEZAMIENTO DE MATERIA--TEMÁTICO |
| Término temático o nombre geográfico como elemento de entrada |
FÍSICA |
| Subdivisión temática general |
ENSEÑANZA SECUNDARIA |
| -- |
|
| 650 #4 - ENCABEZAMIENTO DE MATERIA--TEMÁTICO |
| Término temático o nombre geográfico como elemento de entrada |
FÍSICA |
| Subdivisión temática general |
EDUCACIÓN SECUNDARIA |
| -- |
|
| 650 #4 - ENCABEZAMIENTO DE MATERIA--TEMÁTICO |
| Término temático o nombre geográfico como elemento de entrada |
FÍSICA |
| Subdivisión temática general |
ESTUDIOS Y EJERCICIOS |
| 650 #4 - ENCABEZAMIENTO DE MATERIA--TEMÁTICO |
| Término temático o nombre geográfico como elemento de entrada |
FÍSICA |
| Subdivisión temática general |
LIBROS DE TEXTOS |
| 650 #4 - ENCABEZAMIENTO DE MATERIA--TEMÁTICO |
| Término temático o nombre geográfico como elemento de entrada |
EDUCACIÓN SECUNDARIA |
| Subdivisión geográfica |
REPÚBLICA DOMINICANA |
| 700 1# - ASIENTO SECUNDARIO -- NOMBRE PERSONAL |
| Nombre personal |
Rincón, Andrea Griselda |
| 700 1# - ASIENTO SECUNDARIO -- NOMBRE PERSONAL |
| Nombre personal |
Rosa, María del Jesús de la |
| Mención de responsabilidad |
ed. |
| 910 ## - VALIDACIÓN |
| Validación |
Validado. Control de calidad MFF |
| 942 ## - ADDED ENTRY ELEMENTS (KOHA) |
| Source of classification or shelving scheme |
Dewey Decimal Classification |
| Koha item type |
Libros |
| 945 ## - INFORMACIÓN DE PROCESAMIENTO LOCAL |
| Información de procesamiento local |
Remanejado para la BNPHU / 2018 VM |
| 956 ## - LOCAL ELECTRONIC LOCATION AND ACCESS (OCLC) |
| Nombre de host |
VMATEO |
| Número de acceso |
10 |
| Información de compresión |
20160519 |
| Trayectoria |
BPMSU |
| Nombre Electrónico |
0069 |